000 00604nam a2200193Ia 4500
999 _c34559
_d34559
003 OSt
005 20200911154222.0
008 190216s9999||||xx |||||||||||||| ||und||
020 _a9781259064951
040 _coclc
082 _a536.7
_bMOO/S
100 _aMoore, Thomas A
_94462
245 0 _aSix Ideas That Shaped Physics:
_bUnit T - Some Processes Are Irreversible /
_cThomas A Moore
250 _a2nd Ed.
260 _bMcGraw Hill Education Private Ltd,
_c2013.
_aNew Delhi:
300 _a185p
650 _aModern Physics
942 _cBK
_2ddc
_h536.7
_iMOO/S
_k536.7
_mMOO/S